00786cam a2200241 a 4500001000800000005001700008008004100025010001700066020001500083040001800098041001100116050002600127100003100153240005000184245005900234250002500293260004100318300004100359500005700400504002600457600004100483700002000524235306120170213115445.0850711s1984 txua bc 000 0 eng  a 83091311  a0961289406 aDLCcDLCdDLC1 aengger00aN6888 b.H58A4 19841 aHitler, Adolf,d1889-1945.10aAdolf Hitler als Maler und Zeichner.lEnglish10aAdolf Hitler, the unknown artist /cby Billy F. Price. aEnglish language ed. aHouston, Tex. :bB.F. Price,cc1984. a260 p. :bill. (some col.) ;c29 cm. aTranslation of: Adolf Hitler als Maler und Zeichner. aBibliography: p. 260.10aHitler, Adolf,d1889-1945xCatalogs.1 aPrice, Billy F.